Mathematics of investment (Record no. 7751)

MARC details
000 -LEADER
fixed length control field 00573nam a22002057i 4500
003 - CONTROL NUMBER IDENTIFIER
control field URS
020 ## - INTERNATIONAL STANDARD BOOK NUMBER
International Standard Book Number 9710412594
050 ## - LIBRARY OF CONGRESS CALL NUMBER
Classification number HF5691
Item number Ab1m 2014
100 1# - MAIN ENTRY--PERSONAL NAME
Personal name Abao, Zenon R.
245 ## - TITLE STATEMENT
Title Mathematics of investment
264 #1 - PRODUCTION, PUBLICATION, DISTRIBUTION, MANUFACTURE, AND COPYRIGHT NOTICE
Place of production, publication, distribution, manufacture Mandaluyong City
Name of producer, publisher, distributor, manufacturer Books Atbpages Pub. Corpages
300 ## - PHYSICAL DESCRIPTION
Extent ix, 261 pages
Other physical details illustrations
Dimensions 25cm
336 ## - CONTENT TYPE
Content type term text
Content type code txt
Source rdacontent
337 ## - MEDIA TYPE
Media type term unmediated
Media type code n
Source rdamedia
338 ## - CARRIER TYPE
Carrier type term volume
Carrier type code nc
Source rdacarrier
500 ## - GENERAL NOTE
General note Includes index and bibliography.
650 #0 - SUBJECT ADDED ENTRY--TOPICAL TERM
Topical term or geographic name entry element Business mathematics.
700 1# - ADDED ENTRY--PERSONAL NAME
Personal name Maribbay, Jose B.
942 ## - ADDED ENTRY ELEMENTS (KOHA)
Koha item type Filipiniana
Holdings
Withdrawn status Source of classification or shelving scheme Damaged status Not for loan Collection code Home library Current library Shelving location Date acquired Source of acquisition Total Checkouts Full call number Barcode Date last seen Price effective from Koha item type
  Library of Congress Classification     Non-fiction Pililla College Library Pililla College Library General Stacks 02/23/2016 purchased   511 Ab1m 2014 URSPIL-5333 02/23/2016 02/23/2016 Filipiniana
  Library of Congress Classification     Non-fiction Pililla College Library Pililla College Library General Stacks 02/23/2016 purchased   511 Ab1m 2014 URSPIL-5335 02/23/2016 02/23/2016 Filipiniana
  Library of Congress Classification     Non-fiction Pililla College Library Pililla College Library General Stacks 02/23/2016 purchased   511 Ab1m 2014 URSPIL-5334 02/23/2016 02/23/2016 Filipiniana
  Library of Congress Classification     Non-fiction Pililla College Library Pililla College Library General Stacks 02/23/2016 purchased   511 Ab1m 2014 URSPIL-5327 02/23/2016 02/23/2016 Filipiniana
        Non-fiction Pililla College Library Pililla College Library General Stacks 02/23/2016 purchased   511 Ab1m 2014 URSPIL-5332 02/23/2016 02/23/2016 Filipiniana

University of Rizal System
Email us at univlibservices@urs.edu.ph

Visit our Website www.urs.edu.ph/library